Obálka Náhled e-knihy:
PDF Epub
Pro půjčování e-knih musíte být přihlášeni.
Jak si půjčit online?

Toto je marketing : nikto si vás nevšimne, pokiaĺ sa nenaučíte pozerať /

Uloženo v:
Hlavní autor: Godin, Seth, 1960- (Autor)
Další autoři: Hrivnák, Slavomír (Autor)
Médium: E-kniha
Jazyk:Slovak
Vydáno: Bratislava : Lindeni 2025
Vydání:Tretie slovenské vydanie
Témata:
Tagy:
Žádné tagy
LEADER 01340nam a2200313 i 4500
001 303385
003 CZ PrSKC
005 20260519063308.0
008 260106s2025 xo |||||||||||||| ||slo d
020 |a 9788056646168 
040 |a OPD001  |b cze  |e rda 
041 1 |a slo  |h eng 
100 1 |a Godin, Seth,  |d 1960-  |7 xx0053853  |4 aut 
245 1 0 |a Toto je marketing :  |b nikto si vás nevšimne, pokiaĺ sa nenaučíte pozerať /  |c Seth Godin ; překlad Slavomír Hrivnák 
250 |a Tretie slovenské vydanie 
264 1 |a Bratislava :  |b Lindeni  |c 2025 
300 |a 236 stran : 
336 |a text  |b txt  |2 rdacontent 
337 |a bez média  |b n  |2 rdamedia 
338 |a svazek  |b nc  |2 rdacarrier 
650 0 7 |a marketing  |7 ph115227  |2 czenas 
650 0 7 |a prodej  |7 ph115885  |2 czenas 
650 0 7 |a reklama a propagace  |7 ph116035  |2 czenas 
700 1 |a Hrivnák, Slavomír  |4 trl 
900 |a KAD001  |b 15 
044 |a xr 
910 |a RBIT002 
998 |d 426919  |a https://core.palmknihy.cz/api/books/426919/cover?tesghn  |b https://core.palmknihy.cz/api/books/426919/cover/400?tesghn  |c https://core.palmknihy.cz/api/books/426919/cover/50?tesghn  |e 2029-12-09  |g 240  |i 9788056646168  |j https://core.palmknihy.cz/api/books/426919/preview.epub  |k https://core.palmknihy.cz/api/books/426919/preview.pdf  |l   |q 49  |r 1  |s https://www.palmknihy.cz/kniha/426919  |t ebook  |y 2025  |z 0 
999 |d 303383